Marriage law in Indian society / (Record no. 87631)

MARC details
000 -LEADER
fixed length control field 00591nam a22001937a 4500
005 - DATE AND TIME OF LATEST TRANSACTION
control field 20140827120841.0
010 ## - LCCN (DPL NO)
LC control number ENG-110613
020 ## - INTERNATIONAL STANDARD BOOK NUMBER
International Standard Book Number 9789350530207
Terms of availability 800.00
035 ## - SYSTEM CONTROL NUMBER
System control number EN-94145
037 ## - SOURCE OF ACQUISITION
Source of stock number/acquisition DBAD/PUB
082 ## - DEWEY DECIMAL CLASSIFICATION NUMBER
Classification number 346.54016
100 ## - MAIN ENTRY--PERSONAL NAME
Personal name Galani, H.N.
245 ## - TITLE STATEMENT
Title Marriage law in Indian society /
Statement of responsibility, etc by H.N. Galani
260 ## - PUBLICATION, DISTRIBUTION, ETC. (IMPRINT)
Place of publication, distribution, etc New Delhi
Name of publisher, distributor, etc Cyber Tech Publications
Date of publication, distribution, etc 2013
270 ## - ADDRESS
City New Delhi
Address 4264/3, Ansari Road, Daryaganj
Postal code 110002
300 ## - PHYSICAL DESCRIPTION
Extent 232p.
Dimensions 22cm(Hb)
500 ## - GENERAL NOTE
General note Includes bibliographical references
942 ## - ADDED ENTRY ELEMENTS (KOHA)
Source of classification or shelving scheme Dewey Decimal Classification
Item type English Books
Call number suffix GAL
Classification part 346.54016
Holdings
Withdrawn status Lost status Not for loan Collection code Home library Current library Date acquired Source of acquisition Cost, normal purchase price Full call number Barcode Copy number Cost, replacement price Koha item type
    Not For Loan Non-fiction D.B.Act.Division D.B.Act.Division 06/08/2014 DBAD/PUB 800.00 346.54016 GAL EN-94145 1 800.00 English Books

© Delhi Public Library
Hit Counter
free hit counter